000 00657nam a22002297a 4500
005 20170124110000.0
010 _aA-952518
020 _c00.00
035 _aA-952518
037 _bCen Lib/Ret
040 _aDPL
_bEN
082 _a363.7
_bSIN
100 _aSinghal,Gitanjali
_915553
245 _aSaving Delhi,s green areas :
_cby Gitanjali Singhal
_ba citizens action guide /
260 _aNew Delhi
_bKalpavriksh
_c1994
270 _aC-17/A,Munirka
_bNew Delhi
_e110067
300 _a98p. :
_c22cm(Hb)
_bill.
650 _aGreen Delhi
_915554
650 _aSaving Delhi
_915555
700 _915394
942 _2ddc
_cEN
_h363.7
_mSIN
999 _c125806
_d125806